Solid State Physics & Quantum (Record no. 9265)

MARC details
000 -LEADER
fixed length control field 00356nam a22001457a 4500
003 - CONTROL NUMBER IDENTIFIER
control field OSt
008 - FIXED-LENGTH DATA ELEMENTS--GENERAL INFORMATION
fixed length control field 201120b ||||| |||| 00| 0 eng d
100 ## - MAIN ENTRY--PERSONAL NAME
Personal name SHARMA, Ashok
245 ## - TITLE STATEMENT
Title Solid State Physics & Quantum
260 ## - PUBLICATION, DISTRIBUTION, ETC. (IMPRINT)
Place of publication, distribution, etc New Delhi
Name of publisher, distributor, etc Modern Publishers
Date of publication, distribution, etc 2020
300 ## - PHYSICAL DESCRIPTION
Extent 94
650 ## - SUBJECT ADDED ENTRY--TOPICAL TERM
Topical term or geographic name as entry element B.Sc Non Medical
700 ## - ADDED ENTRY--PERSONAL NAME
Personal name SINGLA, R.K
942 ## - ADDED ENTRY ELEMENTS (KOHA)
Source of classification or shelving scheme Dewey Decimal Classification
Koha item type Text Books
Holdings
Withdrawn status Lost status Source of classification or shelving scheme Damaged status Not for loan Collection code Home library Current library Date acquired Source of acquisition Currency Cost, normal purchase price Bill Number Total Checkouts Acc. no. / Barcode Date last seen Actual Cost, discounted price Bill Date Koha item type
    Dewey Decimal Classification     B.Sc Non Medical PIET NCR College Library PIET NCR College Library 20/11/2020 Kirti Prakashan In Rupess 160.00 IN450   N629 20/11/2020 136.00 08/09/2020 Reference Books
    Dewey Decimal Classification     B.Sc Non Medical PIET NCR College Library PIET NCR College Library 20/11/2020 Kirti Prakashan In Rupess 160.00 IN450   N630 20/11/2020 136.00 08/09/2020 Text Books
    Dewey Decimal Classification     B.Sc Non Medical PIET NCR College Library PIET NCR College Library 20/11/2020 Kirti Prakashan In Rupess 160.00 IN450   N631 20/11/2020 136.00 08/09/2020 Text Books
    Dewey Decimal Classification     B.Sc Non Medical PIET NCR College Library PIET NCR College Library 20/11/2020 Kirti Prakashan In Rupess 160.00 IN450   N632 20/11/2020 136.00 08/09/2020 Text Books

Design & Developed by: PIET Central Library
R70 Miles Stone Pattikalyana Samalkha Panipat 132102
mail ID :- [email protected], Phone No:- 0180-2569700 Ex.216